<?xml version='1.0' encoding='UTF-8'?>
  <record xmlns="http://www.loc.gov/MARC21/slim">
    <leader>00000cam a2200000 i 4500</leader>
    <controlfield tag="001">ocm66856455</controlfield>
    <controlfield tag="003">OCoLC</controlfield>
    <controlfield tag="005">20251015153540.3</controlfield>
    <controlfield tag="008">031214s1573    gw            000 0 ger d</controlfield>
    <datafield tag="040" ind1=" " ind2=" ">
      <subfield code="a">NLGGC</subfield>
      <subfield code="b">dut</subfield>
      <subfield code="e">fobidrtb</subfield>
      <subfield code="c">NLGGC</subfield>
      <subfield code="d">OCLCL</subfield>
      <subfield code="d">OCLCQ</subfield>
    </datafield>
    <datafield tag="029" ind1="0" ind2=" ">
      <subfield code="a">NLGGC</subfield>
      <subfield code="b">257910131</subfield>
    </datafield>
    <datafield tag="035" ind1=" " ind2=" ">
      <subfield code="a">(OCoLC)66856455</subfield>
    </datafield>
    <datafield tag="041" ind1="1" ind2=" ">
      <subfield code="a">ger</subfield>
      <subfield code="h">lat</subfield>
    </datafield>
    <datafield tag="100" ind1="1" ind2=" ">
      <subfield code="a">Prisbach, Wolfgang.</subfield>
    </datafield>
    <datafield tag="245" ind1="1" ind2="0">
      <subfield code="a">Gründliche Antwort uff den weytleufftigen und gesuchten Fürtrag und Rede, so newlich inn der Schweitzer Versamlung Zuvertättigung, der in Franckreich, begangener Mördt und Rauberey, gehalten worden; inn welcher alle Ufflagen und Lästerungen, so wider den Admiral und die seinen erdacht, mit Warheit hindertrieben unnd abgeleint werden /</subfield>
      <subfield code="c">durch ein Frantzosen Wolffgang Prissbach inn Latein gestellt, nun aber dem gemeinen Mann zu gutem inn Teutsch bracht.</subfield>
    </datafield>
    <datafield tag="260" ind1=" " ind2=" ">
      <subfield code="a">[Heidelberg] :</subfield>
      <subfield code="b">[Mayer],</subfield>
      <subfield code="c">1573.</subfield>
    </datafield>
    <datafield tag="300" ind1=" " ind2=" ">
      <subfield code="a">[1], 48 p. ;</subfield>
      <subfield code="c">20 cm.</subfield>
    </datafield>
    <datafield tag="336" ind1=" " ind2=" ">
      <subfield code="a">tekst</subfield>
      <subfield code="b">txt</subfield>
      <subfield code="2">rdacontent/dut</subfield>
    </datafield>
    <datafield tag="337" ind1=" " ind2=" ">
      <subfield code="a">zonder medium</subfield>
      <subfield code="b">n</subfield>
      <subfield code="2">rdamedia/dut</subfield>
    </datafield>
    <datafield tag="338" ind1=" " ind2=" ">
      <subfield code="a">band</subfield>
      <subfield code="b">nc</subfield>
      <subfield code="2">rdacarrier/dut</subfield>
    </datafield>
    <datafield tag="510" ind1="0" ind2=" ">
      <subfield code="a">VD 16.1, P 4832</subfield>
    </datafield>
    <datafield tag="600" ind1="1" ind2="4">
      <subfield code="a">Coligny, Gaspard de.</subfield>
    </datafield>
    <datafield tag="758" ind1=" " ind2=" ">
      <subfield code="a">Gründliche Antwort uff den weytleufftigen und gesuchten Fürtrag und Rede, so newlich inn der Schweitzer Versamlung Zuvertättigung, der in Franckreich, begangener Mördt und Rauberey, gehalten worden; inn welcher alle Ufflagen und Lästerungen, so wider den Admiral und die seinen erdacht, mit Warheit hindertrieben unnd abgeleint werden (Text)</subfield>
      <subfield code="1">https://id.oclc.org/worldcat/entity/E39PCYCx9Qm3CcHvcd4GDC6X4V</subfield>
      <subfield code="4">https://id.oclc.org/worldcat/ontology/hasWork</subfield>
    </datafield>
    <datafield tag="936" ind1=" " ind2=" ">
      <subfield code="a">BATCHLOAD</subfield>
    </datafield>
  </record>